000 00465nam a22001577a 4500
005 20251121183506.0
008 251121b |||||||| |||| 00| 0 eng d
020 _a9780262540698
050 _aTH4811 DIE
100 _aDietz, Albert G. H.
245 _aDwelling House Construction
_cAlbert G. H. Dietz
250 _a5th ed.
260 _aCambridge, Massachusetts
_aLondon, England
_bThe MIT Press
_c1997
300 _a440p.
_bill.
_c23cm
942 _2lcc
_cBK
_e5th ed.
_n0
999 _c8314
_d8314